Fundamentals of Financial Management / (Record no. 2889)
[ view plain ]
| 000 -LEADER | |
|---|---|
| fixed length control field | 00900cam a22002895a 4500 |
| 005 - DATE AND TIME OF LATEST TRANSACTION | |
| control field | 20150816102242.0 |
| 006 - FIXED-LENGTH DATA ELEMENTS--ADDITIONAL MATERIAL CHARACTERISTICS--GENERAL INFORMATION | |
| fixed length control field | a||||fr|||| 00| 0 |
| 008 - FIXED-LENGTH DATA ELEMENTS--GENERAL INFORMATION | |
| fixed length control field | 101021s2004 xxu |||frb||| 001 0 eng d |
| 010 ## - LIBRARY OF CONGRESS CONTROL NUMBER | |
| LC control number | 2002113162 |
| 020 ## - INTERNATIONAL STANDARD BOOK NUMBER | |
| International Standard Book Number | 0324258720 |
| 020 ## - INTERNATIONAL STANDARD BOOK NUMBER | |
| International Standard Book Number | 0324258712 (CD-ROM) |
| 020 ## - INTERNATIONAL STANDARD BOOK NUMBER | |
| International Standard Book Number | 9780324258721 |
| 035 ## - SYSTEM CONTROL NUMBER | |
| System control number | (DLC) 2002113162 |
| 082 04 - DEWEY DECIMAL CLASSIFICATION NUMBER | |
| Classification number | 658.15 |
| Item number | BRI |
| Edition number | 22 |
| 100 1# - MAIN ENTRY--PERSONAL NAME | |
| Personal name | Brigham, Eugene F., |
| 9 (RLIN) | 20538 |
| 245 10 - TITLE STATEMENT | |
| Title | Fundamentals of Financial Management / |
| Statement of responsibility, etc | Eugene F. Brigham , Joel f. houston. |
| 250 ## - EDITION STATEMENT | |
| Edition statement | Concise 4th ed. |
| 260 ## - PUBLICATION, DISTRIBUTION, ETC. (IMPRINT) | |
| Place of publication, distribution, etc | Mason : |
| Name of publisher, distributor, etc | Thomson/South-Western, |
| Date of publication, distribution, etc | c.2004. |
| 300 ## - PHYSICAL DESCRIPTION | |
| Extent | p. : |
| Other physical details | ill. ; |
| Dimensions | 26 cm. + |
| Accompanying material | 1 CD-ROM (4 3/4 in.) |
| 500 ## - GENERAL NOTE | |
| General note | Include index. |
| 504 ## - BIBLIOGRAPHY, ETC. NOTE | |
| Bibliography, etc | Includes bibliographical references . |
| 590 ## - LOCAL NOTE (RLIN) | |
| Local note | doaa mohamed |
| 650 #0 - SUBJECT ADDED ENTRY--TOPICAL TERM | |
| Topical term or geographic name as entry element | Corporations |
| General subdivision | Finance. |
| 9 (RLIN) | 20539 |
| Source of heading or term | BUEsh |
| 651 ## - SUBJECT ADDED ENTRY--GEOGRAPHIC NAME | |
| Source of heading or term | BUEsh |
| 653 ## - INDEX TERM--UNCONTROLLED | |
| Resource For college | BAEPS, Business Administration |
| 942 ## - ADDED ENTRY ELEMENTS (KOHA) | |
| Item type | Book - Borrowing |
| Call number prefix | 658.15B7685 |
| Source of classification or shelving scheme | Dewey Decimal Classification |
| Withdrawn status | Item status | Damaged status | Not for loan | Home library | Current library | Shelving location | Date acquired | Source of acquisition | Total Checkouts | Full call number | Barcode | Checked out | Date last seen | Koha item type | Source of classification or shelving scheme | Vendor | Total Renewals | Date last borrowed |
|---|---|---|---|---|---|---|---|---|---|---|---|---|---|---|---|---|---|---|
| Central Library | Central Library | First floor | 08/03/2007 | Purchase | 5 | 658.15 BRI | 000001247 | 15/05/2008 | 19/07/2007 | Book - Borrowing | ||||||||
| Central Library | Central Library | First floor | 08/03/2007 | 1 | 658.15 BRI | 000021920 | 15/07/2025 | Book - Borrowing | Dewey Decimal Classification | |||||||||
| Central Library | Central Library | First floor | 08/03/2007 | Purchase | 10 | 658.15 BRI | 000001245 | 15/07/2025 | Book - Borrowing | |||||||||
| Central Library | Central Library | First floor | 31/03/2009 | 658.15 BRI | 000015503 | 24/08/2022 | CD | DVD - With book (NB) | Dewey Decimal Classification | ||||||||||
| Central Library | Central Library | First floor | 21/10/2010 | 658.15 BRI | 000006816 | 24/08/2022 | CD | DVD - With book | Dewey Decimal Classification | ||||||||||
| Central Library | Central Library | First floor | 21/10/2010 | 658.15 BRI | 000022423 | 24/08/2022 | CD | DVD - With book | Dewey Decimal Classification | ||||||||||
| Central Library | Central Library | First floor | 21/10/2010 | 658.15 BRI | 000006913 | 24/08/2022 | CD | DVD - With book | Dewey Decimal Classification | ||||||||||
| Central Library | Central Library | First floor | 21/10/2010 | 658.15 BRI | 000006912 | 24/08/2022 | CD | DVD - With book | Dewey Decimal Classification | ||||||||||
| Central Library | Central Library | First floor | 21/10/2010 | 658.15 BRI | 000006869 | 24/08/2022 | CD | DVD - With book | Dewey Decimal Classification | ||||||||||
| Central Library | Central Library | First floor | 21/10/2010 | 658.15 BRI | 000006916 | 24/08/2022 | CD | DVD - With book | Dewey Decimal Classification | ||||||||||
| Central Library | Central Library | First floor | 21/10/2010 | 658.15 BRI | 000011549 | 24/08/2022 | CD | DVD - With book | Dewey Decimal Classification | ||||||||||
| Central Library | Central Library | First floor | 21/10/2010 | 658.15 BRI | 000007799 | 24/08/2022 | CD | DVD - With book | Dewey Decimal Classification | ||||||||||
| Central Library | Central Library | First floor | 21/10/2010 | 658.15 BRI | 000007557 | 24/08/2022 | CD | DVD - With book | Dewey Decimal Classification | ||||||||||
| Central Library | Central Library | First floor | 21/10/2010 | 658.15 BRI | 000007556 | 24/08/2022 | CD | DVD - With book | Dewey Decimal Classification | ||||||||||
| Central Library | Central Library | First floor | 11/07/2011 | 658.15 BRI | 000006006 | 15/07/2025 | Book - Borrowing | Dewey Decimal Classification | ||||||||||
| Central Library | Central Library | First floor | 11/07/2011 | 658.15 BRI | 000006005 | 15/07/2025 | NB - Book (Non borrowing) | Dewey Decimal Classification | ||||||||||
| Central Library | Central Library | First floor | 11/07/2011 | 2 | 658.15 BRI | 000005998 | 15/07/2025 | Book - Borrowing | Dewey Decimal Classification | 1 | 14/07/2019 | |||||||
| Lost | Central Library | Central Library | First floor | 11/07/2011 | 1 | 658.15 BRI | 000006003 | 18/07/2011 | 11/07/2011 | Book - Borrowing | Dewey Decimal Classification | 11/07/2011 | ||||||
| Central Library | Central Library | First floor | 11/07/2011 | 658.15 BRI | 000006004 | 15/07/2025 | Book - Borrowing | Dewey Decimal Classification |